Etický kodex Investiční banky, a.s. Pro dobré jméno peněžního ústavu.

Etický kódex Investičnej banky ako súhrn základných etických noriem správania pracovníkov tejto banky. Základné zásady a právne požiadavky. Konflikt záujmov, úplnosť dokladov a transakcií. Jednotné informovanie a dôverné informácie. Zneužitie postavenia a záväzok k dodržiavaniu kódexu. Otváranie nov...

Description complète

Enregistré dans:
Détails bibliographiques
Format: Chapitre de livre
Langue:tchèque
Sujets:
Tags: Ajouter un tag
Pas de tags, Soyez le premier à ajouter un tag!

MARC

LEADER 00000naa a2200000 4500
001 r013312
005 20221213090103.7
041 0 |a cze 
044 |a SK 
245 1 0 |a Etický kodex Investiční banky, a.s.  |b Pro dobré jméno peněžního ústavu. 
520 |a Etický kódex Investičnej banky ako súhrn základných etických noriem správania pracovníkov tejto banky. Základné zásady a právne požiadavky. Konflikt záujmov, úplnosť dokladov a transakcií. Jednotné informovanie a dôverné informácie. Zneužitie postavenia a záväzok k dodržiavaniu kódexu. Otváranie nových účtov a bezpečnostné systémy banky. 
610 2 0 |a banky investičné 
610 2 0 |a etika 
610 2 0 |a kódexy 
610 2 0 |a Čechy 
610 2 0 |a spoločnosti akciové